Teatro: ceremonias de la soledad

Saved in:
Bibliografiske detaljer
Hovedforfatter: Díaz Gutiérrez, Jorge (Author)
Format: Bog
Sprog:spansk
Udgivet: Santiago Nascimento 1978
Fag:
Tags: Tilføj Tag
Ingen Tags, Vær først til at tagge denne postø!

MARC

LEADER 00000nam a2200000 a 4500
001 UCQ6541
003 CL-VaPUC
008 981016e19780000CL |||||||||||||||||spa|d
082 0 4 |a Ch862  |b DIA  |2 21 
100 0 |a Díaz Gutiérrez, Jorge  |e author  |9 420444 
245 1 0 |a Teatro: ceremonias de la soledad 
246 1 3 |a El locutorio 
246 1 0 |a Mata a tu projimo como a ti mismo 
246 1 0 |a Ceremonia ortopédica 
300 |a 239 p 
942 |c BK 
945 |d 19981016 00:00:00  |a crobeson 
260 |a Santiago  |b Nascimento  |c 1978 
650 0 |a Dramas chilenos  |9 313819 
650 0 |a Literatura chilena   |9 308278 
583 |a last modification  |c 19981016 00:00:00  |k Rodrigo Vera 
999 |c 276491  |d 276489 
952 |0 0  |1 0  |4 0  |6 CH_862_000000000000000_DIA_1978  |7 0  |8 A  |9 313757  |a BIBEDU  |b BIBEDU  |d 2019-11-20  |i 1482971  |o Ch862 DIA 1978  |p 1482971  |r 2019-11-20  |w 2019-11-20  |y BK  |k LIT 
952 |0 0  |1 0  |4 0  |6 CH_862_000000000000000_DIA_1978  |7 0  |8 A  |9 313758  |a BIBEDU  |b BIBEDU  |d 2019-11-20  |i 148298K  |o Ch862 DIA 1978  |p 148298K  |r 2019-11-20  |w 2019-11-20  |y BK  |k LIT